Nommez une chanson de Stromae A-Z - Statistiques

Statistiques générales
  • Ce quiz a été pris 46 fois
  • Le résultat moyen est 7 sur 17
Statistiques - réponses
Lettre Numéro Chanson % Correct
A 3 Alors on danse / Ave Cesaria / AVF
90%
F 3 Formidable / Fils de joie / Faut que j'arrête le Rap
88%
P 5 Peace or Violence / Papaoutai / Pas vraiment / La Pluie / Pardon
79%
T 3 Te quiero / Ta fête / Tous les mêmes
76%
M 5 Moules frites / Merci / Mon amour / Mauvaise journée / Ma meilleure ennemie
71%
C 4 Cheese / Carmen / C'est que du bonheur / C'est que l'outro
69%
S 5 Summertime / Silence / Sommeil / Santé / La Solassitude
48%
B 3 Bienvenue chez moi / Bâtard / Bonne journée
43%
Q 3 Quand c'est / Quand j'dis Gow! / Que ce soit clair
40%
H 2 House'llelujah / Humain à l'eau
36%
D 4 Dodo / Déclaration / Disco Feeling / Défiler
26%
E 3 L'Enfer / Elecstricien / Encore une fois
26%
R 2 Rail de musique / Riez
21%
J 6 Je cours / Je m'excuse / Jump to It / Je m'sens bien / Je n'ai pas de flow / Je cours
12%
I 2 Invaincu / Invincible
10%
U 1 Up Saw Liz
5%
W 1 We Will Strock You
0%
Aucun quiz correspondant
Distribution des résultats
% des personnes avec chaque résultat
Percentile par nombre de réponses
Votre historique - résultats
Vous n’avez pas pris ce quiz